Lịch sử âm nhạc thế giới Tập 1

Guardat en:
Dades bibliogràfiques
Autor principal: Nguyễn, Xinh
Format: Llibre
Publicat: Hà Nội Nhạc viện Hà Nội 1983
Col·lecció:ĐTTS:Nhạc viện Hà Nội
Matèries:
Etiquetes: Afegir etiqueta
Sense etiquetes, Sigues el primer a etiquetar aquest registre!
Thư viện lưu trữ: Trung tâm Học liệu Lê Vũ Hùng, Trường Đại học Đồng Tháp
LEADER 00907aam a22003378a 4500
001 00036900
005 20171026081023.0
008 170405s1983 ||||||Viesd
041 0 # |a Vie 
082 1 4 |a 780.9  |b L302S 
100 1 # |a Nguyễn, Xinh 
245 1 0 |a Lịch sử âm nhạc thế giới  |c Nguyễn Xinh  |n Tập 1 
260 # # |a Hà Nội  |b Nhạc viện Hà Nội  |c 1983 
300 # # |a 73tr.  |c 27 cm. 
490 # # |a ĐTTS:Nhạc viện Hà Nội 
653 # # |a Lịch sử 
653 # # |a Thế giới 
653 # # |a Âm nhạc 
852 # # |b Kho mượn  |j KM.0020745 
852 # # |b Kho đọc  |j KD.0019759 
852 # # |j KD.0019759  |j KM.0020745 
910 |d 05/04/2017 
980 # # |a Trung tâm Học liệu Lê Vũ Hùng, Trường Đại học Đồng Tháp